[Event "RUS-chT rapid"]
[Site "Sochi"]
[Date "2018.10.09"]
[Round "7.9"]
[White "Basiev, Valeriy P"]
[Black "Tekeyev, Zaur"]
[Result "0-1"]
[WhiteElo "1990"]
[BlackElo "2392"]
[PlyCount "104"]
[EventDate "2018.10.08"]
[EventType "team-swiss (rapid)"]
[EventRounds "9"]
[EventCountry "RUS"]
[SourceTitle "CBM 186 Extra"]
[Source "ChessBase"]
[SourceDate "2018.08.24"]
[SourceVersion "1"]
[SourceVersionDate "2018.08.24"]
[SourceQuality "1"]
[WhiteTeam "Daryal Alaniya"]
[BlackTeam "Stavropol Region"]
[WhiteTeamCountry "RUS"]
[BlackTeamCountry "RUS"]

1. a3 e5 2. c4 Nf6 3. g3 g6 4. Bg2 Bg7 5. Nc3 0-0 6. Nf3 Re8 7. d3 Nc6 8. 0-0 d6 9. Rb1 a5 10. b4 axb4 11. axb4 e4 12. dxe4 Nxe4 13. Nxe4 Rxe4 14. Nd2 Re8 15. Bb2 Bxb2 16. Rxb2 Qf6 17. Rb1 Bf5 18. e4 Be6 19. b5 Na5 20. Qc2 Qd4 21. Rbc1 Ra7 22. Kh1 f5 23. Rfe1 Raa8 24. Nf3 Qf6 25. e5 dxe5 26. Nxe5 f4 27. gxf4 Rad8 28. Qe4 Nb3 29. Rcd1 Nc5 30. Qe3 b6 31. Qg3 Kg7 32. Nc6 Rxd1 33. Rxd1 Bxc4 34. h4 Bxb5 35. Ne5 Ne6 36. Rc1 c5 37. Rb1 Nd4 38. h5 Qf5 39. Ra1 Qxh5+ 40. Bh3 Re7 41. Kg2 Ne2 42. Qe3 Nxf4+ 43. Qxf4 Qxe5 44. Qxe5+ Rxe5 45. Rb1 Bc6+ 46. Kg3 b5 47. f4 Re3+ 48. Kh2 b4 49. Rc1 Rc3 50. Rd1 b3 51. Rd6 b2 52. Rd1 Rc1 0-1

[Event "RUS-chT blitz"]
[Site "Sochi"]
[Date "2017.10.05"]
[Round "14"]
[White "Moiseenko, Vadim"]
[Black "Basiev, Valeriy P"]
[Result "1-0"]
[WhiteElo "2543"]
[BlackElo "1990"]
[PlyCount "51"]
[EventDate "2017.10.05"]
[EventType "team-swiss (blitz)"]
[EventRounds "15"]
[EventCountry "RUS"]
[SourceTitle "CBM 181 Extra"]
[Source "ChessBase"]
[SourceDate "2017.12.12"]
[SourceVersion "1"]
[SourceVersionDate "2017.12.12"]
[SourceQuality "1"]
[WhiteTeam "Vologda Region"]
[BlackTeam "Lev and Mountaineers"]
[WhiteTeamCountry "RUS"]
[BlackTeamCountry "RUS"]

1. e4 c5 2. Nf3 d6 3. d4 cxd4 4. Nxd4 Nf6 5. Nc3 g6 6. Be3 Bg7 7. f3 0-0 8. Qd2 Nc6 9. g4 Nd7 10. 0-0-0 Nde5 11. Be2 Na5 12. b3 a6 13. Bh6 b5 14. h4 f6 15. Bxg7 Kxg7 16. f4 Nec6 17. g5 Nxd4 18. Qxd4 Nc6 19. Qe3 Bd7 20. h5 fxg5 21. hxg6 hxg6 22. f5 Ne5 23. Qxg5 Rh8 24. Rxh8 Kxh8 25. Qh6+ Kg8 26. fxg6 1-0

[Event "RUS-chT blitz"]
[Site "Sochi"]
[Date "2017.10.05"]
[Round "12"]
[White "Predke, Alexandr"]
[Black "Basiev, Valeriy P"]
[Result "1-0"]
[WhiteElo "2601"]
[BlackElo "1990"]
[PlyCount "41"]
[EventDate "2017.10.05"]
[EventType "team-swiss (blitz)"]
[EventRounds "15"]
[EventCountry "RUS"]
[SourceTitle "CBM 181 Extra"]
[Source "ChessBase"]
[SourceDate "2017.12.12"]
[SourceVersion "1"]
[SourceVersionDate "2017.12.12"]
[SourceQuality "1"]
[WhiteTeam "Samara Bukavshin"]
[BlackTeam "Lev and Mountaineers"]
[WhiteTeamCountry "RUS"]
[BlackTeamCountry "RUS"]

1. e4 g6 2. f4 Bg7 3. Nf3 d6 4. Bc4 e6 5. d3 Ne7 6. Bb3 a6 7. Nc3 b5 8. a4 b4 9. Ne2 a5 10. Ng3 0-0 11. 0-0 c5 12. h4 Kh8 13. h5 d5 14. hxg6 fxg6 15. Be3 Qc7 16. Ne5 d4 17. Bd2 Bxe5 18. fxe5 Rxf1+ 19. Qxf1 Nbc6 20. Qf6+ Kg8 21. Bh6 1-0

[Event "RUS-chT blitz"]
[Site "Sochi"]
[Date "2015.05.10"]
[Round "5.35"]
[White "Basiev, Valeriy P"]
[Black "Lysyj, Igor"]
[Result "0-1"]
[WhiteElo "2012"]
[BlackElo "2677"]
[PlyCount "132"]
[EventDate "2015.05.10"]
[EventType "team-swiss (blitz)"]
[EventRounds "11"]
[EventCountry "RUS"]
[SourceTitle "CBM 166 Extra"]
[Source "ChessBase"]
[SourceDate "2015.06.18"]
[SourceVersion "1"]
[SourceVersionDate "2015.06.18"]
[SourceQuality "1"]
[WhiteTeam "Vladikavkaz Caucasus"]
[BlackTeam "Sverdlovsk Region Malakhit"]
[WhiteTeamCountry "RUS"]
[BlackTeamCountry "RUS"]

1. e4 e5 2. Nf3 Nc6 3. Bc4 Bc5 4. c3 Nf6 5. d3 0-0 6. 0-0 d5 7. exd5 Nxd5 8. Nbd2 Nb6 9. Qe2 Nxc4 10. Nxc4 Re8 11. h3 Bf5 12. Rd1 f6 13. Be3 Bf8 14. b4 Qd5 15. a4 a6 16. Nb2 Bg6 17. Nd2 Rad8 18. Ndc4 Nd4 19. cxd4 exd4 20. Qd2 dxe3 21. fxe3 b5 22. axb5 axb5 23. Na3 c6 24. Nc2 c5 25. bxc5 Bxc5 26. d4 Bf8 27. Ne1 Qe4 28. Ra5 Rd5 29. Nbd3 Bf7 30. Nf4 Rdd8 31. Nf3 b4 32. Re1 b3 33. Rb5 Rc8 34. Rc1 Rxc1+ 35. Qxc1 Qxe3+ 36. Qxe3 Rxe3 37. Kf2 Re8 38. d5 g5 39. Nd3 Rd8 40. Nb4 b2 41. Nc6 Rxd5 42. Rxb2 Bc5+ 43. Ke2 Kg7 44. Nd2 Rd6 45. Nb4 Rb6 46. Nd3 Rxb2 47. Nxb2 Bd5 48. Nf3 Kg6 49. Nd3 Bd6 50. Ke3 h5 51. Nf2 f5 52. Nd4 Bxg2 53. Nd3 Bd5 54. Ne2 Kf6 55. Nf2 Bc5+ 56. Nd4 f4+ 57. Kd3 Ke5 58. Nd1 Bxd4 59. Ke2 g4 60. hxg4 hxg4 61. Nf2 Bxf2 62. Kxf2 g3+ 63. Kg1 f3 64. Kf1 Bc4+ 65. Ke1 f2+ 66. Kd2 f1Q 0-1

[Event "RUS-chT2"]
[Site "Sochi"]
[Date "2015.05.07"]
[Round "7.10"]
[White "Bimiev, Ahmad"]
[Black "Basiev, Valeriy P"]
[Result "1-0"]
[WhiteElo "2075"]
[BlackElo "2012"]
[PlyCount "85"]
[EventDate "2015.05.01"]
[EventType "team-swiss"]
[EventRounds "7"]
[EventCountry "RUS"]
[SourceTitle "CBM 166 Extra"]
[Source "ChessBase"]
[SourceDate "2015.06.18"]
[SourceVersion "1"]
[SourceVersionDate "2015.06.18"]
[SourceQuality "1"]
[WhiteTeam "Chechen Republic"]
[BlackTeam "Vladikavkaz Caucasus"]
[WhiteTeamCountry "RUS"]
[BlackTeamCountry "RUS"]

1. c4 f5 2. Nf3 Nf6 3. g3 g6 4. Bg2 Bg7 5. 0-0 0-0 6. Nc3 d6 7. d4 Nc6 8. d5 Na5 9. Qd3 e5 10. dxe6 Bxe6 11. b3 Ne4 12. Nxe4 fxe4 13. Qxe4 Qd7 14. Nd4 Bf7 15. Rb1 Rae8 16. Qd3 d5 17. cxd5 Bxd5 18. Nf5 Rxf5 19. e4 Be6 20. Qxd7 Bxd7 21. exf5 Bxf5 22. Be3 Bxb1 23. Rxb1 Nc6 24. Bxc6 bxc6 25. Rc1 Re6 26. Bxa7 Kf7 27. a4 Ke8 28. Bc5 Kd7 29. a5 Re2 30. a6 Ra2 31. a7 Kc8 32. Re1 Kb7 33. Re8 Rxa7 34. Bxa7 Kxa7 35. Re7 Bb2 36. Rxc7+ Kb6 37. Rxh7 Kb5 38. Rh4 c5 39. Rc4 Bd4 40. Kg2 Kc6 41. b4 Kd5 42. Rxc5+ Bxc5 43. bxc5 1-0

[Event "Kislovodsk Plaza op"]
[Site "Kislovodsk"]
[Date "2010.12.19"]
[Round "9"]
[White "Basiev, Valeriy P"]
[Black "Karabashev, Sagit"]
[Result "1-0"]
[WhiteElo "2032"]
[BlackElo "2176"]
[PlyCount "77"]
[EventDate "2010.12.11"]
[EventType "swiss"]
[EventRounds "9"]
[EventCountry "RUS"]
[SourceTitle "EXT 2013"]
[Source "ChessBase"]
[SourceDate "2012.11.22"]
[SourceVersion "1"]
[SourceVersionDate "2012.11.22"]
[SourceQuality "1"]

1. e4 c5 2. Nf3 d6 3. c3 Nf6 4. h3 Nc6 5. Bd3 g6 6. 0-0 Bg7 7. Bc2 e5 8. d4 0-0 9. Be3 b6 10. Nbd2 Qc7 11. a3 a5 12. Re1 h6 13. Nf1 Kh7 14. Rc1 Nh5 15. Kh2 Ba6 16. g3 Rad8 17. b4 exd4 18. cxd4 axb4 19. d5 Na5 20. axb4 Nc4 21. bxc5 Nxe3 22. Nxe3 dxc5 23. Ng4 Bb7 24. Bd3 Ra8 25. Bc4 Rfd8 26. e5 Qd7 27. d6 Qc6 28. Nh4 Rd7 29. Qd3 Rf8 30. Bb5 Qc8 31. Bxd7 Qxd7 32. e6 fxe6 33. Qxg6+ Kh8 34. Qxh5 Qxd6 35. Ng6+ Kg8 36. Nxf8 Qxf8 37. Rxe6 Qf3 38. Nxh6+ Bxh6 39. Qg6+ 1-0

[Event "Moscow op-B"]
[Site "Moscow"]
[Date "2010.02.07"]
[Round "9.122"]
[White "Chinilov, Vladislav"]
[Black "Basiev, Valeriy P"]
[Result "1-0"]
[WhiteElo "1874"]
[BlackElo "2048"]
[PlyCount "73"]
[EventDate "2010.01.30"]
[EventType "swiss"]
[EventRounds "9"]
[EventCountry "RUS"]
[SourceTitle "EXT 2023"]
[Source "ChessBase"]
[SourceDate "2022.10.05"]
[SourceVersion "1"]
[SourceVersionDate "2022.10.05"]
[SourceQuality "1"]

1. e4 c5 2. Nc3 a6 3. g3 b5 4. a3 b4 5. axb4 cxb4 6. Na4 Bb7 7. d3 f5 8. Be3 fxe4 9. Bg2 Nf6 10. Nb6 Ra7 11. Nd5 Nxd5 12. Bxa7 Nf6 13. Bd4 Qc7 14. Bxf6 exf6 15. Qe2 Bc5 16. Bxe4 0-0 17. Bxb7 Qxb7 18. Qf3 Re8+ 19. Kf1 Qb6 20. Ne2 Nc6 21. Re1 Bd4 22. Qd5+ Kf8 23. Qd6+ Kg8 24. Nxd4 Rxe1+ 25. Kxe1 Qxd4 26. Qxd4 Nxd4 27. Kd2 a5 28. c3 Nc6 29. d4 Kf7 30. Re1 Nd8 31. d5 Nb7 32. cxb4 axb4 33. Re4 b3 34. Kc3 f5 35. Rc4 Nd6 36. Kxb3 Kf6 37. Rc7 1-0

[Event "Vladimir op-B"]
[Site "Vladimir"]
[Date "2008.08.18"]
[Round "6"]
[White "Basiev, Valeriy P"]
[Black "Zimin, Alexey"]
[Result "0-1"]
[WhiteElo "2053"]
[BlackElo "2185"]
[PlyCount "98"]
[EventDate "2008.08.12"]
[EventType "swiss"]
[EventRounds "10"]
[EventCountry "RUS"]
[SourceTitle "CBM 126 Extra"]
[Source "ChessBase"]
[SourceDate "2008.11.05"]
[SourceVersion "1"]
[SourceVersionDate "2008.11.05"]
[SourceQuality "1"]

1. e4 c5 2. Nc3 e6 3. g3 d5 4. d3 d4 5. Nce2 f5 6. Nf4 Nf6 7. exf5 e5 8. Ne6 Bxe6 9. fxe6 Nc6 10. Nf3 Qd5 11. Bh3 e4 12. dxe4 Qxe4+ 13. Qe2 Nb4 14. Qxe4 Nxe4 15. 0-0 Be7 16. Ne1 c4 17. a3 Nc6 18. Nf3 0-0 19. Re1 Nxg3 20. Ne5 Nxe5 21. Rxe5 Bf6 22. Re1 Nh5 23. e7 Rfe8 24. Be6+ Kh8 25. Bf7 g6 26. Bxe8 Rxe8 27. Bh6 Ng7 28. Re4 Nf5 29. Bf8 Kg8 30. a4 Kf7 31. a5 Nd6 32. Re2 Rc8 33. Rae1 Ne8 34. Ra1 Rc5 35. Ra4 Bg5 36. Re4 Bf6 37. Kf1 b5 38. axb6 axb6 39. Rb4 b5 40. Ke2 Rf5 41. Bh6 Bxe7 42. Bd2 Rd5 43. b3 Bxb4 44. Bxb4 Nd6 45. Bxd6 Rxd6 46. Re5 Re6 47. Rxe6 Kxe6 48. Kf3 d3 49. cxd3 cxb3 0-1

[Event "Vladimir op-B"]
[Site "Vladimir"]
[Date "2008.08.16"]
[Round "5"]
[White "Bocharnikov, Oleg"]
[Black "Basiev, Valeriy P"]
[Result "0-1"]
[WhiteElo "1816"]
[BlackElo "2053"]
[PlyCount "52"]
[EventDate "2008.08.12"]
[EventType "swiss"]
[EventRounds "10"]
[EventCountry "RUS"]
[SourceTitle "CBM 126 Extra"]
[Source "ChessBase"]
[SourceDate "2008.11.05"]
[SourceVersion "1"]
[SourceVersionDate "2008.11.05"]
[SourceQuality "1"]

1. Nf3 f5 2. e4 fxe4 3. Ng5 Nf6 4. d3 e3 5. Bxe3 e5 6. Be2 Be7 7. h4 0-0 8. c4 Nc6 9. c5 d5 10. cxd6 cxd6 11. Qb3+ d5 12. Bf3 Kh8 13. a3 Na5 14. Qd1 Qe8 15. Bd2 Nc6 16. Nc3 Bf5 17. Nxd5 Nxd5 18. Bxd5 Bxd3 19. Qb3 Bxg5 20. hxg5 e4 21. Qxb7 Nd4 22. Bc3 e3 23. Bxd4 exf2+ 24. Kd2 Qe2+ 25. Kc3 Qc2+ 26. Kb4 a5# 0-1

[Event "Volgodonsk op"]
[Site "Volgodonsk"]
[Date "2007.07.27"]
[Round "9"]
[White "Basiev, Valeriy P"]
[Black "Minosians, Artem"]
[Result "1-0"]
[WhiteElo "2070"]
[BlackElo "1977"]
[PlyCount "53"]
[EventDate "2007.07.19"]
[EventType "swiss"]
[EventRounds "9"]
[EventCountry "RUS"]
[SourceTitle "EXT 2010"]
[Source "ChessBase"]
[SourceDate "2010.11.25"]
[SourceVersion "1"]
[SourceVersionDate "2010.11.25"]
[SourceQuality "1"]

1. g4 e5 2. Bg2 d5 3. d3 Bxg4 4. c4 Be6 5. Qb3 c6 6. Qxb7 Nd7 7. Nc3 Rb8 8. Qxc6 Rc8 9. Qa4 dxc4 10. dxc4 Rxc4 11. Qxa7 Bc5 12. Qa8 Nb8 13. Nf3 Bd6 14. 0-0 Nf6 15. Rd1 e4 16. Ne5 Rxc3 17. bxc3 Qc7 18. Qa4+ Bd7 19. Nxd7 Bxh2+ 20. Kh1 Nbxd7 21. Ba3 h5 22. Rxd7 Nxd7 23. Bh3 g5 24. Bxd7+ Qxd7 25. Qa8+ Qd8 26. Qxe4+ Kd7 27. Rd1+ 1-0

[Event "Volgodonsk op"]
[Site "Volgodonsk"]
[Date "2007.07.22"]
[Round "4"]
[White "Skiba, Anton"]
[Black "Basiev, Valeriy P"]
[Result "1-0"]
[WhiteElo "2211"]
[BlackElo "2070"]
[PlyCount "55"]
[EventDate "2007.07.19"]
[EventType "swiss"]
[EventRounds "9"]
[EventCountry "RUS"]
[SourceTitle "EXT 2010"]
[Source "ChessBase"]
[SourceDate "2010.11.25"]
[SourceVersion "1"]
[SourceVersionDate "2010.11.25"]
[SourceQuality "1"]

1. e4 c5 2. Nf3 d6 3. d4 cxd4 4. Nxd4 Nf6 5. Nc3 g6 6. Be3 Bg7 7. f3 0-0 8. Qd2 Nc6 9. Bc4 Bd7 10. 0-0-0 Rb8 11. Bb3 Na5 12. Bh6 b5 13. h4 Nc4 14. Qg5 Qb6 15. Bxg7 Kxg7 16. h5 h6 17. Qg3 e5 18. hxg6 exd4 19. Ne2 Qc5 20. f4 Nxe4 21. Qh4 h5 22. Nxd4 Nf6 23. f5 Bxf5 24. Rhf1 Ne3 25. gxf7 Kg6 26. Ne6 Qe5 27. Qg5+ Kh7 28. Qg7# 1-0